1496 1946 1697 1618 1116 1741 1745 1636 1150 1369 1712 1364 1348 1742 1326 1540 1325 1637 1331 1833 1658 1906 1712 1585 1342 1871 1835 1064 1693 1425 1508 1841 1452 1856 1731 1230 1261 1791 1678 1835 1330 1073 1940 1348 1945 1651 1739 1286 1968 1974 1830 1086 1339 1064 1252 1037 1605 1748 1248 1176 1870 1646 1319 1799 1073 1985 1976 1995 1949 1332 1959 1784 1481 1108 1628 1923 1112 1105 1501 1718 1676 1478 1774 1967 1532 1923 1668 1054 1238 1878 1448 1362 1369 1992 1371 1444 1413 1699 1394 BCNSPRNW ULIB Ver.6.0+V

เปลี่ยนเป็นภาษาไทย

Change to English
 แสดงรายละเอียดบรรณานุกรม
  กลับหน้าหลัก

Brief Record : Get Marc (ISO 2709) : E-mail record : QR code < ปิดหน้าต่าง
LEADER : 00000nam a2200000Ia 4500
001    13399125441
003     ULIB
008    160510s2559 th a 000 0 tha d
020    ^a9786168012000
040    ^anss
060 04 ^aWS16^bพ219
245 00 ^aพยาบาลนำการจัดการภาวะน้ำหนักเกิน =^bNurse led in overweightmanagement /^cบรรณาธิการ, ศิริอร สินธุ, ปิยะนันท์ ลิมเรืองรอง,ฐิติพงษ์ ตันคำปวน
246 31 ^aNurse led in overweight management
250    ^aพิมพ์ครั้งที่ 1
260    ^aนนทบุรี:^bสภาการพยาบาล,^c2559
300    ^aก-ฏ, 315 หน้า :^bภาพประกอบ ;^c30 ซม.
650  4 ^aการควบคุมน้ำหนัก
650  4 ^aน้ำหนักตัว
650  4 ^aพยาบาล
700 0  ^aศิริอร สินธุ,^eบรรณาธิการ
700 0  ^aปิยะนันท์ ลิมเรืองรอง,^eบรรณาธิการ
700 0  ^aฐิติพงษ์ ตันคำปวน,^eบรรณาธิการ
710 2  ^aสภาการพยาบาล
945    ^p200^l0^i25030
945    ^p200^l0^i25031
945    ^p200^l0^i25032
945    ^p200^l0^i25033
945    ^p200^l0^i25034
995    ^aกัณชพร
999    ^aกัณชพร
รายการนี้ยังไม่มีแท็ก
คุณยังไม่ได้ล็อกอิน คุณสามารถมีกิจกรรมร่วมกับเว็บไซต์ได้ แต่ต้องล็อกอินก่อน ::
  ล็อกอิน

รายการสื่อสารสนเทศ

ลำดับที่ ประเภท เลขเรียก/บาร์โค้ด สถานที่ สถานะ
1. หนังสือสำรอง
หนังสือสำรอง
WS16 พ219 ฉ.1 
  Barcode: 25030
ห้องสมุดวิทยาเขตนครสวรรค์
►หนังสือทั่วไป:l:General Books
บนชั้น
2. วิทยาศาสตร์การแพทย์ และสุขภาพ
วิทยาศาสตร์การแพทย์ และสุขภาพ
WS16 พ219 ฉ.2 
  Barcode: 25031
ห้องสมุดวิทยาเขตนครสวรรค์
►หนังสือทั่วไป:l:General Books
บนชั้น
3. วิทยาศาสตร์การแพทย์ และสุขภาพ
วิทยาศาสตร์การแพทย์ และสุขภาพ
WS16 พ219 ฉ.3 
  Barcode: 25032
ห้องสมุดวิทยาเขตนครสวรรค์
►หนังสือทั่วไป:l:General Books
บนชั้น
4. วิทยาศาสตร์การแพทย์ และสุขภาพ
วิทยาศาสตร์การแพทย์ และสุขภาพ
WS16 พ219 ฉ.4 
  Barcode: 25033
ห้องสมุดวิทยาเขตนครสวรรค์
►หนังสือทั่วไป:l:General Books
บนชั้น
5. วิทยาศาสตร์การแพทย์ และสุขภาพ
วิทยาศาสตร์การแพทย์ และสุขภาพ
WS16 พ219 ฉ.5 
  Barcode: 25034
ห้องสมุดวิทยาเขตนครสวรรค์
►หนังสือทั่วไป:l:General Books
บนชั้น

รายการใกล้เคียง
    หัวเรื่อง [การควบคุมน้ำหนัก]
    หัวเรื่อง [น้ำหนักตัว]
    หัวเรื่อง [พยาบาล]

BibComment


ยังไม่เคยถูกคอมเมนท์

คอมเมนท์ทรัพยากรรายการนี้
  คอมเมนท์: พยาบาลนำการจัดกา..


 Copyright 2026. Bcnsprnw @Library